Statistiken für Allgemeinwissen #2

Klicken Sie hier um das Quiz zu spielen!

Allgemein

  • Dieses Quiz wurde 633 mal gespielt
  • Das Durchschnittsergebnis liegt bei 13 aus 20

Antwortstatistiken

HintAntwort% Korrekt
Größtes Land der Welt Russland
99%
Als was ist H2O besser bekannt?Wasser
96%
4
93%
Auf welchem Gegenstand fliegen Hexen?Besen
90%
Christlicher GotteshausKirche
90%
Wer war der erste afroamerikanische Präsident der Vereinigten Staaten von Amerika?Barack Obama
89%
Wusste George Washington von der Existenz von Dinosauriern?Nein
89%
Welches ist das einzige deutsche Bundesland dessen Name mit "M" beginnt?Mecklenburg-Vorpommern
81%
Was ist das Symbol von HeliumHe
79%
Erstes Element im PeriodensystemWasserstoff
76%
Welche deutsche Stadt ist als Sitz des VW-Stammwerkes bekannt?Wolfsburg
75%
Wie lautet die Basiseinheit der Zeit?Sekunde
72%
4⁴256
59%
Was hat die ID 1 in Minecraft?Stein
58%
Wie heißt unser Bundespräsident?Frank Walter Steinmeier
54%
Was ist 126 als römische Zahl geschrieben?CXXVI
46%
47. First Lady der USAMelania Trump
25%
Welche sind die zwei kältesten Länder der Erde (Durchschnittstemperatur)?Russland und Kanada
19%
Ordnungszahl von Gold79
17%
Was ist die Summenformel von Ethanol?C2H6O
8%

Verteilung der Resultate

Perzentil nach korrekt beantworteten Fragen

Anzahl Personen mit jedem Resultat

Ihre Resultats-Entwicklung

Sie haben dieses Quiz noch nicht gespielt